000 00619nam a22002177a 4500
999 _c8132
_d8132
003 AR-CdUCM
008 190322b ||||| |||| 00| 0 spa d
020 _a84-7060-612-3
040 _aMUNICIPALIDAD PROVINCIAL DEL CUSCO
_cBIBLIOTECA MUNICIPAL DEL CUSCO
082 _a708 /
_bM98
245 _aMuseo del Louvre :
260 _aBarcelona :
_bDanae,
_c1975.
300 _a240 paginas ;
_c32 cm.
505 _aContenido :Museo del Louvre (París) /
650 _aMuseos de arte
_922933
650 _aCatálogos.
_95399
650 _aPintura
_93081
650 _aParís
_93089
942 _2ddc
_cLIBROS
945 _arjall